Issues in contemporary society : (Record no. 42525)

MARC details
000 -LEADER
fixed length control field 00802nam a22002177a 4500
005 - DATE AND TIME OF LATEST TRANSACTION
control field 20100819121611.0
010 ## - LCCN (DPL NO)
LC control number ENG-100952
020 ## - INTERNATIONAL STANDARD BOOK NUMBER
International Standard Book Number 9788186307281
Terms of availability 795.00
035 ## - SYSTEM CONTROL NUMBER
System control number EN-84485
037 ## - SOURCE OF ACQUISITION
Source of stock number/acquisition DBAD/PUB
082 ## - DEWEY DECIMAL CLASSIFICATION NUMBER
Classification number 301
245 ## - TITLE STATEMENT
Title Issues in contemporary society :
Remainder of title a festschrift in honour of professor B. N. Borthakur /
Statement of responsibility, etc edited by Joyanta Barbora [and] Vinay Kukmar Srivastava
260 ## - PUBLICATION, DISTRIBUTION, ETC. (IMPRINT)
Place of publication, distribution, etc Guwahati
Name of publisher, distributor, etc DVS Publishers
Date of publication, distribution, etc 2010
270 ## - ADDRESS
Address H. B. Road, Panbazar
City Guwahati
Postal code 781001
300 ## - PHYSICAL DESCRIPTION
Extent 404p.
Dimensions 23cm (Hb)
650 ## - SUBJECT ADDED ENTRY--TOPICAL TERM
Topical term or geographic name as entry element Sociology
700 ## - ADDED ENTRY--PERSONAL NAME
Personal name Darbora, Joyanta
9 (RLIN) 15137
700 ## - ADDED ENTRY--PERSONAL NAME
Personal name Srivastava, Vinay Kukmar
9 (RLIN) 15138
942 ## - ADDED ENTRY ELEMENTS (KOHA)
Source of classification or shelving scheme Dewey Decimal Classification
Item type English Books
Classification part 301
Call number suffix ISS
Holdings
Withdrawn status Lost status Not for loan Collection code Home library Current library Date acquired Source of acquisition Cost, normal purchase price Full call number Barcode Copy number Cost, replacement price Koha item type
    Not For Loan Non-fiction D.B.Act.Division D.B.Act.Division 19/08/2010 DBAD/PUB 795.00 301 ISS EN-84485 1 795.00 English Books

© Delhi Public Library
Hit Counter
free hit counter